The 100th day of school / (Record no. 5219)

MARC details
000 -LEADER
fixed length control field 00986nam a22003017a 4500
001 - CONTROL NUMBER
control field 5219
003 - CONTROL NUMBER IDENTIFIER
control field FISKH
005 - DATE AND TIME OF LATEST TRANSACTION
control field 20250905110421.0
008 - FIXED-LENGTH DATA ELEMENTS--GENERAL INFORMATION
fixed length control field 241120b cb ||||| |||| 00| 0 eng d
020 ## - INTERNATIONAL STANDARD BOOK NUMBER
International Standard Book Number 9780590259446
040 ## - CATALOGING SOURCE
Original cataloging agency FISKH
Language of cataloging eng
Transcribing agency FISKH
Modifying agency FISKH
050 ## - LIBRARY OF CONGRESS CALL NUMBER
Classification number PZ8.M551155
082 ## - DEWEY DECIMAL CLASSIFICATION NUMBER
Classification number 813
100 ## - MAIN ENTRY--PERSONAL NAME
Personal name Medearis, Shelf Angela
Dates associated with a name (1956-)
245 ## - TITLE STATEMENT
Title The 100th day of school /
Statement of responsibility, etc. by Angela Shelf Medearis ; Illustrated by Joan Holub
250 ## - EDITION STATEMENT
Edition statement This edition first printing in 2008
260 ## - PUBLICATION, DISTRIBUTION, ETC.
Place of publication, distribution, etc. New York :
Name of publisher, distributor, etc. Scholastic,
Date of publication, distribution, etc. 2008.
300 ## - PHYSICAL DESCRIPTION
Extent 29 pages :
Other physical details Color illustrations ;
Dimensions 23 cm
505 ## - FORMATTED CONTENTS NOTE
Formatted contents note G<br/>
520 ## - SUMMARY, ETC.
Summary, etc. The children learn 100 spelling words, plant 100 seeds, bake 100 cookies, and "do everything the 100 way" to celebrate this special day.
521 8# - TARGET AUDIENCE NOTE
Target audience note 340L<br/>
Source Lexile<br/>
521 8# - TARGET AUDIENCE NOTE
Target audience note G<br/>
Source Raz-Plus<br/>
650 ## - SUBJECT ADDED ENTRY--TOPICAL TERM
Source of heading or term Numbers
Topical term or geographic name entry element Counting
651 ## - SUBJECT ADDED ENTRY--GEOGRAPHIC NAME
Source of heading or term 100th day
Geographic name Fiction
700 ## - ADDED ENTRY--PERSONAL NAME
Personal name Holub, Joan
Dates associated with a name Illustrator
942 ## - ADDED ENTRY ELEMENTS (KOHA)
Source of classification or shelving scheme Dewey Decimal Classification
Koha item type Books
Suppress in OPAC No
Holdings
Withdrawn status Lost status Source of classification or shelving scheme Damaged status Not for loan Collection Home library Current library Shelving location Date acquired Total Checkouts Full call number Barcode Date last seen Date last checked out Copy number Price effective from Koha item type Date due
    Dewey Decimal Classification     Juvenile Fiction Footprints International School Library Network Toul Kork Campus Footprints International School Library Network Toul Kork Campus TK Primary Library Room(4th Floor), Bookcase 7, Shelves 57-60, Dark Green Books 11/20/2024 1 MED 813 PZ8.M551155 2024-2334 11/12/2025 08/27/2025 1 11/20/2024 Books  
    Dewey Decimal Classification     Juvenile Fiction Footprints International School Library Network Toul Kork Campus Footprints International School Library Network Toul Kork Campus TK Primary Library Room(4th Floor), Bookcase 7, Shelves 57-60, Dark Green Books 01/14/2025   MED 813 PZ8.M551155 FISBK02758 01/14/2025   2 01/14/2025 Books  
    Dewey Decimal Classification     Juvenile Fiction Footprints International School Library Network Toul Kork Campus Footprints International School Library Network Toul Kork Campus TK Primary Library Room(4th Floor), Bookcase 7, Shelves 57-60, Dark Green Books 01/15/2025 1 MED 813 PZ8.M551155 FISBK02754 11/12/2025 08/27/2025 3 01/15/2025 Books  
    Dewey Decimal Classification     Juvenile Fiction Footprints International School Library Network Toul Kork Campus Footprints International School Library Network Toul Kork Campus TK Primary Library Room(4th Floor), Bookcase 7, Shelves 57-60, Dark Green Books 01/31/2025 1 MED 813 PZ8.M551155 2025-0116 01/14/2026 11/11/2025 4 01/31/2025 Books  
    Dewey Decimal Classification     Juvenile Fiction Footprints International School Library Network Toul Tom Poung Campus Footprints International School Library Network Toul Tom Poung Campus TTP Primary Green Bookshelves 07/17/2025 1 MED 813 PZ8.M551155 FISBK02757 08/14/2025 08/14/2025 5 07/17/2025 Books 08/28/2025
    Dewey Decimal Classification     Juvenile Fiction Footprints International School Library Network Toul Tom Poung Campus Footprints International School Library Network Toul Tom Poung Campus TTP Primary Green Bookshelves 09/05/2025   MED 813 PZ8.M551155 FIS04890 09/05/2025   6 09/05/2025 Books